[Event "SV Wattenscheid 2 - SK Münster 1"]
[Site "Oberliga NRW 2010/2011"]
[Date "2011.02.20"]
[Round "7.7"]
[White "Bolwerk, Peter"]
[Black "Bouaraba, Max"]
[Result "1-0"]
[WhiteElo "2180"]
[BlackElo "2132"]
[PlyCount "111"]
[EventDate "2011.??.??"]

1. e4 Nf6 2. e5 Nd5 3. d4 d6 4. Nf3 Bg4 5. Be2 e6 6. exd6 cxd6 7. O-O Be7 8.
Re1 O-O 9. Nbd2 Nc6 10. Nf1 Bf6 11. c3 Qd7 12. Ng3 g6 13. Bh6 Rfc8 14. Qd2 Na5
15. h3 Bxf3 16. Bxf3 Nc4 17. Qe2 Ne7 18. Ne4 Bg7 19. Bg5 Kh8 20. h4 Ng8 21.
Rad1 d5 22. Nc5 Qc7 23. g3 b6 24. Nd3 a5 25. h5 Qd7 26. hxg6 hxg6 27. Kg2 Nf6
28. Rh1+ Kg8 29. Rh3 Nh7 30. Bc1 Qd8 31. Rh2 Ng5 32. Bg4 a4 33. a3 Ne4 34. f3
Nf6 35. Bg5 Qe8 36. Bh3 Nh7 37. Bf4 g5 38. Bc1 Rc6 39. Nb4 Rd6 40. Re1 Qd8 41.
Nd3 Nf8 42. Bg4 f5 43. Bh3 Ng6 44. Kg1 Qf6 45. Bg2 f4 46. Rh5 fxg3 47. Bxg5 Qf7
48. f4 Nf8 49. Rh3 Rd7 50. Rxg3 Re8 51. Bf3 Rc8 52. Bg4 Rc6 53. Rf1 Qg6 54. Bf3
Qf5 55. Rf2 e5 56. fxe5 1-0

[Event "SV Wattenscheid 2 - SK Münster 1"]
[Site "Oberliga NRW 2010/2011"]
[Date "2011.02.20"]
[Round "7.8"]
[White "Lehmann, Holger"]
[Black "Chilla, Jan Eric"]
[Result "1/2-1/2"]
[WhiteElo "2139"]
[BlackElo "2096"]
[Annotator "Hausrath,Daniel"]
[PlyCount "151"]
[EventDate "2011.??.??"]

1. e4 e5 2. Nf3 Nc6 3. Bb5 a6 4. Ba4 Nf6 5. Qe2 b5 6. Bb3 Bc5 7. c3 O-O 8. O-O
Re8 9. Rd1 d6 10. h3 h6 11. d3 Bb7 12. Nbd2 d5 13. Nf1 Bf8 14. Ng3 Na5 15. Bc2
c5 16. a4 Qc7 17. Nh4 Rad8 18. axb5 axb5 19. Nhf5 dxe4 20. dxe4 Rxd1+ 21. Qxd1
Ra8 22. Qf3 Qc6 23. b3 c4 24. b4 Nb3 25. Rxa8 Bxa8 26. Be3 Na1 27. Bb1 Nb3 28.
Kh2 Qe6 29. Qd1 Qd7 30. Qe2 Kh7 31. Qa2 Bc6 32. Qe2 Qe6 33. Bc2 Na1 34. Bb1 Nb3
35. Nh4 g6 36. Nf3 Bg7 37. Bc2 Na1 38. Bb1 Nb3 39. Qd1 Qd7 40. Qe2 Qe6 41. Kg1
Qe8 42. Kh2 Qe6 43. Qa2 Ne8 44. Bc2 Nd6 45. Qa6 Bd7 $11 46. Qa7 Nc8 47. Qb7 Qc6
48. Qxc6 Bxc6 49. Kg1 Nd6 50. Kf1 f6 51. Ke2 h5 52. h4 Bh6 53. Ng1 Na1 54. Bb1
Bxe3 55. Kxe3 Nc8 56. Kd2 Nb6 57. f3 Na4 58. N1e2 Nb3+ 59. Ke3 Nb2 60. Bc2 Na1
61. Kd2 Nxc2 62. Kxc2 Nd3 63. Kd2 Kh6 64. Nh1 Bb7 65. Ke3 Ne1 66. Kf2 Nd3+ 67.
Kf1 Bc6 68. Nf2 Nxf2 69. Kxf2 Kg7 70. g3 Bd7 71. Ke3 Kf7 72. Ng1 Ke7 73. f4 Bg4
74. Nf3 Bxf3 75. Kxf3 Ke6 76. Ke3 1/2-1/2

[Event "DJK Aufwärts Aachen 1 - Aachener SV 1"]
[Site "Oberliga NRW 2010/2011"]
[Date "2011.02.20"]
[Round "7.1"]
[White "Koch, Thomas"]
[Black "Drenchev, Petar Nikolov"]
[Result "1-0"]
[WhiteElo "2400"]
[BlackElo "2479"]
[PlyCount "81"]
[EventDate "2011.??.??"]

1. d4 Nf6 2. c4 e6 3. Nf3 d5 4. Nc3 Bb4 5. Qa4+ Nc6 6. Bg5 dxc4 7. Bxf6 gxf6 8.
e4 Bd7 9. Qc2 b5 10. Be2 Ne7 11. O-O O-O 12. Rad1 Ng6 13. Qc1 Qe7 14. Qh6 Rfd8
15. h4 Kh8 16. h5 Qf8 17. Qe3 Ne7 18. Nh2 Qg7 19. Ng4 e5 20. dxe5 Bxg4 21. exf6
Qxf6 22. Bxg4 Qe5 23. Qf3 Bd6 24. g3 b4 25. Nd5 Qxb2 26. Nxe7 Bxe7 27. Qxf7 Qg7
28. Qe6 c3 29. e5 Bc5 30. Rd5 Bd4 31. Kg2 c5 32. Rxd8+ Rxd8 33. f4 Be3 34. Bf5
Rg8 35. g4 Rf8 36. h6 Qf7 37. Qd6 Bd4 38. Kf3 a5 39. Re1 a4 40. e6 Qf6 41.
Qxf8+ 1-0

[Event "DJK Aufwärts Aachen 1 - Aachener SV 1"]
[Site "Oberliga NRW 2010/2011"]
[Date "2011.02.20"]
[Round "7.2"]
[White "Roeder, Matthias"]
[Black "Piceu, Tom"]
[Result "1-0"]
[WhiteElo "2396"]
[BlackElo "2328"]
[PlyCount "101"]
[EventDate "2011.??.??"]

1. Nf3 Nf6 2. c4 g6 3. Nc3 c5 4. d4 cxd4 5. Nxd4 Bg7 6. e4 d6 7. Be2 Nc6 8. Be3
O-O 9. O-O Nxd4 10. Bxd4 Be6 11. Qd2 a6 12. Rfd1 Rc8 13. b3 Re8 14. Rac1 Qa5
15. Qb2 Bh6 16. Rc2 Nd7 17. Nd5 Bxd5 18. exd5 Bf4 19. b4 Qa4 20. Qb3 Qxb3 21.
axb3 Rc7 22. g3 Bh6 23. Kg2 Bg7 24. Be3 b6 25. c5 bxc5 26. bxc5 dxc5 27. b4 c4
28. Rxc4 Rxc4 29. Bxc4 Rb8 30. d6 exd6 31. Rxd6 Ne5 32. Bxa6 Bf8 33. Rd5 Ng4
34. Bf4 Rxb4 35. Rd8 Kg7 36. Bd2 Rb6 37. Bc3+ Nf6 38. Be2 Rc6 39. Ba1 Bb4 40.
Bf3 Rd6 41. Rc8 h6 42. Be2 Ba5 43. Bc4 Bd8 44. Be5 Rd7 45. f4 g5 46. Kf3 Be7
47. Rc6 Kg6 48. g4 gxf4 49. h4 Ra7 50. Bd3+ Kg7 51. g5 1-0

[Event "DJK Aufwärts Aachen 1 - Aachener SV 1"]
[Site "Oberliga NRW 2010/2011"]
[Date "2011.02.20"]
[Round "7.3"]
[White "Sonntag, Hans-Hubert"]
[Black "Braun, Christian"]
[Result "1/2-1/2"]
[WhiteElo "2362"]
[BlackElo "2368"]
[PlyCount "47"]
[EventDate "2011.??.??"]

1. d4 g6 2. c4 Bg7 3. Nc3 d6 4. e4 Nc6 5. Be3 e5 6. Nge2 Nh6 7. f3 f5 8. d5 Ne7
9. Qd2 Nf7 10. Nc1 O-O 11. c5 dxc5 12. Bxc5 Nd6 13. Bd3 fxe4 14. fxe4 Kh8 15.
N1e2 Ng8 16. O-O-O Bh6 17. Be3 Qh4 18. Kb1 Bxe3 19. Qxe3 Qf2 20. Qg5 Qf6 21.
Qg3 Bd7 22. Ng1 Qf4 23. Qe1 Qf2 24. Nf3 1/2-1/2

[Event "DJK Aufwärts Aachen 1 - Aachener SV 1"]
[Site "Oberliga NRW 2010/2011"]
[Date "2011.02.20"]
[Round "7.4"]
[White "Buscher, Michael"]
[Black "Coenen, Norbert"]
[Result "0-1"]
[WhiteElo "2362"]
[BlackElo "2343"]
[Annotator "Hausrath,Daniel"]
[PlyCount "72"]
[EventDate "2011.??.??"]

1. e4 c5 2. c3 d5 3. exd5 Qxd5 4. d4 Nf6 5. Nf3 e6 6. Na3 Nc6 7. Nc2 Be7 8. Be2
O-O 9. O-O b6 10. Be3 Rd8 11. c4 Qd6 12. dxc5 Qb8 13. Qc1 bxc5 14. Rd1 Bb7 15.
Rxd8+ $11 Qxd8 16. Qe1 Qc7 17. h3 h6 18. Rd1 Re8 19. a3 a5 20. Bf1 e5 21. Bd2
Bd6 22. Ne3 a4 23. Nd5 Nxd5 24. cxd5 Nd4 25. Nxd4 cxd4 26. Bb5 Rb8 27. Rc1 Qb6
28. Bc6 Qd8 29. Ba5 Qg5 30. Qd2 Qg6 31. Bb4 Bc8 32. Bxd6 Qxd6 33. f4 exf4 34.
Qxd4 f3 35. Rc2 Bxh3 36. gxh3 Qg6+ 0-1

[Event "DJK Aufwärts Aachen 1 - Aachener SV 1"]
[Site "Oberliga NRW 2010/2011"]
[Date "2011.02.20"]
[Round "7.5"]
[White "Meessen, Rudolf"]
[Black "Gulbas, Cemil"]
[Result "0-1"]
[WhiteElo "2271"]
[BlackElo "2325"]
[PlyCount "92"]
[EventDate "2011.??.??"]

1. d4 Nf6 2. Nf3 d5 3. c4 c6 4. Nc3 e6 5. Bg5 h6 6. Bxf6 Qxf6 7. Qb3 Nd7 8.
O-O-O Be7 9. e4 Qf4+ 10. Nd2 dxc4 11. Bxc4 b5 12. Bd3 Qxf2 13. Nf3 Qe3+ 14. Kb1
h5 15. Rhe1 Qh6 16. h4 a6 17. e5 c5 18. Be4 c4 19. Qc2 Rb8 20. d5 O-O 21. d6
Bd8 22. Qf2 b4 23. Ne2 Bb7 24. Ng3 Bxe4+ 25. Nxe4 Rb5 26. Neg5 Bb6 27. Qc2 Rc8
28. Rf1 Rbc5 29. Rc1 Rd5 30. Qa4 Qg6+ 31. Ka1 Nc5 32. Rxc4 f6 33. Nxe6 Qd3 34.
Rfc1 Nxa4 35. Rxc8+ Kh7 36. Nf4 Qe4 37. Nxd5 Qxd5 38. exf6 gxf6 39. R8c7+ Kg6
40. R7c2 Qxd6 41. Rd2 Qf4 42. Rc6 Be3 43. Rd5 Nb6 44. Rg5+ Kh6 45. Ra5 Nc4 46.
Raxa6 Bb6 0-1

[Event "DJK Aufwärts Aachen 1 - Aachener SV 1"]
[Site "Oberliga NRW 2010/2011"]
[Date "2011.02.20"]
[Round "7.6"]
[White "Hautot, Stephane"]
[Black "Klein, Felix"]
[Result "1-0"]
[WhiteElo "2396"]
[BlackElo "2263"]
[PlyCount "81"]
[EventDate "2011.??.??"]

1. Nf3 d5 2. d4 c6 3. c4 e6 4. Nc3 dxc4 5. e4 b5 6. a4 Bb4 7. Bd2 Bb7 8. e5 a6
9. Ne4 Be7 10. Be2 Nd7 11. O-O c5 12. Nd6+ Bxd6 13. exd6 Ngf6 14. axb5 axb5 15.
dxc5 Nxc5 16. Bb4 Rxa1 17. Qxa1 Qxd6 18. Qa5 Qc6 19. Bxc4 O-O 20. Bxb5 Qd5 21.
Be2 Nfd7 22. Rd1 Qe4 23. Bxc5 Nxc5 24. Rd8 Qb1+ 25. Bf1 Nd7 26. Rxd7 Bxf3 27.
Rd8 g6 28. Rxf8+ Kxf8 29. Qa3+ Kg8 30. gxf3 Qc1 31. Qc3 Qg5+ 32. Kh1 Qh4 33.
Kg1 Qg5+ 34. Kh1 Qh4 35. Qc5 h5 36. b4 Qf4 37. Qc3 Qh4 38. Qd2 Qf6 39. Kg2 h4
40. h3 e5 41. b5 1-0

[Event "DJK Aufwärts Aachen 1 - Aachener SV 1"]
[Site "Oberliga NRW 2010/2011"]
[Date "2011.02.20"]
[Round "7.7"]
[White "Begnis, Nikolaos"]
[Black "Skulener, Wladimir"]
[Result "1/2-1/2"]
[WhiteElo "2252"]
[BlackElo "2285"]
[PlyCount "22"]
[EventDate "2011.??.??"]

1. e4 g6 2. d4 Bg7 3. Nc3 c6 4. f4 d5 5. e5 h5 6. Nf3 Bg4 7. h3 Bxf3 8. Qxf3 e6
9. Be3 h4 10. O-O-O Bf8 11. Bd3 Nd7 1/2-1/2

[Event "DJK Aufwärts Aachen 1 - Aachener SV 1"]
[Site "Oberliga NRW 2010/2011"]
[Date "2011.02.20"]
[Round "7.8"]
[White "van Dooren, Dirk"]
[Black "Frombach, Ralf"]
[Result "1-0"]
[WhiteElo "2248"]
[BlackElo "2180"]
[Annotator "Hausrath,Daniel"]
[PlyCount "111"]
[EventDate "2011.??.??"]

1. f4 d5 2. Nf3 g6 3. g3 Bg7 4. Bg2 Nf6 5. O-O O-O 6. d3 c5 7. c3 Nc6 8. Na3
Rb8 9. Ne5 Nxe5 10. fxe5 Ng4 11. d4 cxd4 12. cxd4 Qb6 13. Bxd5 Nxe5 14. e3 Nc6
15. Qb3 Qxb3 16. Bxb3 b5 17. Nc2 Bf5 18. Bd2 e6 19. Rfc1 Rbc8 $11 20. Ne1 Ne7
21. Nf3 Rxc1+ 22. Rxc1 Rc8 23. Rxc8+ Nxc8 24. Bb4 Bf8 25. Bc5 a6 26. Ne5 Be4
27. Nd7 Bg7 28. g4 g5 29. Kf2 Bc6 30. Nb8 Bb7 31. e4 a5 32. Ke3 Bf8 33. Nd7 Bd6
34. e5 Bc7 35. Bc2 Bd8 36. Nf6+ Kg7 37. Nxh7 Ne7 38. Nf6 Nd5+ 39. Nxd5 Bxd5 40.
a3 f6 41. Bd3 Bc6 42. Be4 Bd7 43. Bd6 Kf7 44. b4 axb4 45. axb4 Bb6 46. Bb7 fxe5
47. Bxe5 Ke7 48. Bg3 Kf7 49. Ke4 Bd8 50. Bd6 Bf6 51. h3 Bg7 52. d5 exd5+ 53.
Kxd5 Bc3 54. Kc5 Be1 55. Bc6 Bf2+ 56. Kxb5 1-0

[Event "SG Porz 2 - Godesberger SK 1"]
[Site "Oberliga NRW 2010/2011"]
[Date "2011.02.20"]
[Round "7.1"]
[White "Dranov, Aleksandr"]
[Black "Miedema, David"]
[Result "1-0"]
[WhiteElo "2442"]
[BlackElo "2387"]
[PlyCount "137"]
[EventDate "2011.??.??"]

1. e4 e6 2. d4 d5 3. Nd2 Nf6 4. e5 Nfd7 5. Bd3 c5 6. c3 Nc6 7. Ne2 cxd4 8. cxd4
Nb6 9. O-O Bd7 10. a3 Rc8 11. b3 Na8 12. Bb2 Qb6 13. Rc1 Nc7 14. Rc2 Be7 15.
Qa1 O-O 16. Rfc1 f6 17. exf6 Bxf6 18. b4 Bg5 19. Re1 a5 20. bxa5 Nxa5 21. Nf3
Bh6 22. Qb1 g6 23. Bc3 Qxb1 24. Rxb1 Nc4 25. Bxc4 dxc4 26. Bb4 Rfd8 27. Ne5 Nd5
28. Ba5 b6 29. Bxb6 Rb8 30. Rcb2 c3 31. Nxc3 Nxc3 32. Bxd8 Rxd8 33. Rb8 Bc8 34.
R1b2 Bf8 35. Rc2 Rxd4 36. g3 Ne2+ 37. Rxe2 Ba6 38. Re1 Kg7 39. Nf3 Rd3 40. Ng5
Bxa3 41. Nxe6+ Kh6 42. Nf4 Rc3 43. Rb6 Bc8 44. Rbb1 Bf5 45. Rb7 Bc5 46. Rf7 Rc2
47. Re2 Rc1+ 48. Kg2 Rd1 49. Rxf5 gxf5 50. Re6+ Kg7 51. Nh5+ Kg8 52. Re5 Bd4
53. Rxf5 Rd2 54. g4 Ra2 55. h4 Rc2 56. g5 Ra2 57. Kg3 Rc2 58. Nf6+ Kg7 59. h5
Rc3+ 60. Kg4 Rc1 61. Ne4 Rg1+ 62. Kf4 Rh1 63. Rd5 Bb2 64. Rd7+ Kg8 65. h6 Rh3
66. Nd6 Kf8 67. Rf7+ Kg8 68. Rb7 Rh4+ 69. Kf5 1-0

[Event "SG Porz 2 - Godesberger SK 1"]
[Site "Oberliga NRW 2010/2011"]
[Date "2011.02.20"]
[Round "7.2"]
[White "Korotkevych, Stanislav"]
[Black "Jackelen, Thomas"]
[Result "1/2-1/2"]
[WhiteElo "2340"]
[BlackElo "2378"]
[Annotator "Hausrath,Daniel"]
[PlyCount "92"]
[EventDate "2011.??.??"]

1. d4 d5 2. Nf3 Nf6 3. c4 c6 4. Nc3 a6 5. e3 e6 6. Qc2 c5 7. a3 cxd4 8. exd4
dxc4 9. Bxc4 b5 10. Ba2 Bb7 11. Qe2 Be7 12. O-O O-O 13. Bg5 b4 14. axb4 Nc6 15.
Bxf6 Bxf6 16. d5 Nxb4 17. dxe6 Nxa2 18. Rxa2 fxe6 19. Qxe6+ Kh8 20. Rd1 Qc8 21.
Qxc8 Raxc8 22. Rd3 h6 23. Ra1 Bxc3 24. bxc3 Bxf3 25. gxf3 Rf6 26. Kf1 Rc5 27.
Ke2 Rh5 28. Rh1 Kg8 29. h4 Rf4 30. Rg1 Rhxh4 31. Rd8+ Rf8 32. Rxf8+ Kxf8 33.
Ra1 Rc4 34. Kd3 Rf4 35. Ke3 Rc4 36. Kd3 Rf4 37. Ke3 $11 Rf6 38. c4 Ke7 39. Ke4
g5 40. c5 Kd7 41. Ke5 Rxf3 42. Rxa6 h5 43. Rh6 h4 44. Rg6 Rxf2 45. Rxg5 Kc6 46.
Rh5 Rh2 1/2-1/2

[Event "SG Porz 2 - Godesberger SK 1"]
[Site "Oberliga NRW 2010/2011"]
[Date "2011.02.20"]
[Round "7.3"]
[White "Mertens, Heiko"]
[Black "Malykin, Vitaly"]
[Result "1/2-1/2"]
[WhiteElo "2327"]
[BlackElo "2307"]
[Annotator "Hausrath,Daniel"]
[PlyCount "99"]
[EventDate "2011.??.??"]

1. c4 c5 2. Nf3 Nc6 3. d4 cxd4 4. Nxd4 f5 5. Nc3 g6 6. e4 fxe4 7. Nxe4 Bg7 8.
Be3 Nh6 9. Be2 d6 10. O-O Nf5 11. Nxf5 Bxf5 12. Ng3 Be6 13. Qd2 Qa5 14. Rfd1
O-O 15. Ne4 Qxd2 16. Rxd2 Bf5 17. Ng3 Be6 18. Ne4 Bf5 19. Ng3 Be6 20. Rc1 Rfc8
21. Bf3 Rc7 22. Bd5 Bf7 23. Bxf7+ Kxf7 24. Ne4 Ne5 25. Ng5+ Kg8 26. b3 Bf6 27.
Ne6 Rcc8 28. h3 Kf7 29. Nd4 a6 30. Rcd1 Nc6 31. Nxc6 $11 bxc6 32. Bd4 a5 33.
Bxf6 Kxf6 34. Rd3 Rc7 35. Re1 Raa7 36. Rf3+ Kg7 37. h4 a4 38. Ree3 axb3 39.
axb3 Ra5 40. Re4 Rb7 41. g4 Ra3 42. Ref4 e6 43. Re3 e5 44. Rff3 Rf7 45. Kg2
Rxf3 46. Rxf3 e4 47. Re3 Kf6 48. f3 exf3+ 49. Kxf3 Ra1 50. Kf4 1/2-1/2

[Event "SG Porz 2 - Godesberger SK 1"]
[Site "Oberliga NRW 2010/2011"]
[Date "2011.02.20"]
[Round "7.4"]
[White "Coenen, Michael"]
[Black "Schmidt, Bodo"]
[Result "1-0"]
[WhiteElo "2304"]
[BlackElo "2333"]
[PlyCount "75"]
[EventDate "2011.??.??"]

1. e4 e6 2. d4 d5 3. Nd2 Nf6 4. e5 Nfd7 5. Bd3 c5 6. c3 Nc6 7. Ne2 cxd4 8. cxd4
Nb6 9. O-O Bd7 10. f4 g6 11. Nf3 h5 12. a3 a5 13. Qc2 Rg8 14. Be3 a4 15. Bf2
Be7 16. Nc3 Na5 17. Rae1 Rc8 18. Qe2 Nbc4 19. Rc1 Qb6 20. Nd1 Bb5 21. Rc2 Kd7
22. Nc3 Bc6 23. Ng5 Bxg5 24. fxg5 Rc7 25. Ne4 Kc8 26. Bxc4 Nxc4 27. Rxc4 dxc4
28. d5 Qa5 29. dxc6 Rxc6 30. Bd4 Rc7 31. Qe3 Qa6 32. Bb6 Rc6 33. Bc5 Rd8 34.
Nd6+ Kc7 35. Rxf7+ Rd7 36. Qf2 Rxc5 37. Qxc5+ Qc6 38. Nb5+ 1-0

[Event "SG Porz 2 - Godesberger SK 1"]
[Site "Oberliga NRW 2010/2011"]
[Date "2011.02.20"]
[Round "7.5"]
[White "Grimm, Sascha"]
[Black "Savchenko, Aleksij"]
[Result "1/2-1/2"]
[WhiteElo "2303"]
[BlackElo "2207"]
[PlyCount "60"]
[EventDate "2011.??.??"]

1. Nf3 d5 2. g3 Nf6 3. Bg2 e6 4. O-O Be7 5. d3 O-O 6. Nbd2 c5 7. e4 Nc6 8. Re1
dxe4 9. dxe4 Qc7 10. e5 Nd7 11. Qe2 b6 12. b3 Nb4 13. Qd1 Rd8 14. Bb2 Ba6 15.
a3 Nc6 16. c4 b5 17. Qc2 Nb6 18. cxb5 Bxb5 19. Bf1 Bxf1 20. Rxf1 Rac8 21. Rac1
Qb7 22. Qe4 Na5 23. Qxb7 Nxb7 24. Rfd1 Rd3 25. Ne1 Rd5 26. Kf1 Rcd8 27. Ke2 Na5
28. Bc3 Nc6 29. f4 R5d7 30. Nc4 Nd5 1/2-1/2

[Event "SG Porz 2 - Godesberger SK 1"]
[Site "Oberliga NRW 2010/2011"]
[Date "2011.02.20"]
[Round "7.6"]
[White "Gallinnis, Norbert"]
[Black "Armbruster, Alexander"]
[Result "1/2-1/2"]
[WhiteElo "2223"]
[BlackElo "2238"]
[PlyCount "113"]
[EventDate "2011.??.??"]

1. e4 c5 2. Na3 Nc6 3. g3 e6 4. Bg2 a6 5. d3 b5 6. Nf3 Bb7 7. O-O g6 8. d4 cxd4
9. Nxd4 Bg7 10. Nb3 d6 11. c3 Nge7 12. Qe2 O-O 13. f4 Na5 14. Be3 Nxb3 15. axb3
f5 16. exf5 Bxg2 17. Kxg2 Nxf5 18. Bg1 Re8 19. Nc2 Qc7 20. g4 Nh4+ 21. Kh3 g5
22. fxg5 Ng6 23. Be3 Qb7 24. Qf3 d5 25. Qe2 e5 26. Rf5 d4 27. Bd2 Nf4+ 28. Bxf4
exf4 29. Qf1 dxc3 30. bxc3 Bxc3 31. Rd1 Be5 32. Ne1 Rac8 33. Rd3 Rc1 34. Qe2
Qe7 35. Qd2 Rb1 36. Nf3 Bg7 37. Rxf4 Rb2 38. Qd1 Qc7 39. Rf5 Qc6 40. Rd8 Rbe2
41. Rd6 Qe4 42. Rd8 Re3 43. Rxe8+ Qxe8 44. Qd5+ Kh8 45. Rf7 Re7 46. Rxe7 Qxe7
47. Qc6 Qf7 48. Qc8+ Qf8 49. Qc6 a5 50. Kg2 b4 51. g6 hxg6 52. Qxg6 Qa8 53. Kg3
Qb8+ 54. Kh3 Qf4 55. Qd3 Qf6 56. Kg3 Qb6 57. Qe4 1/2-1/2

[Event "SG Porz 2 - Godesberger SK 1"]
[Site "Oberliga NRW 2010/2011"]
[Date "2011.02.20"]
[Round "7.7"]
[White "Luetke, Jens"]
[Black "Peschlow, Patrick"]
[Result "1/2-1/2"]
[WhiteElo "2281"]
[BlackElo "2280"]
[PlyCount "102"]
[EventDate "2011.??.??"]

1. f4 d5 2. Nf3 c6 3. e3 Bg4 4. b3 Nd7 5. Bb2 Qc7 6. d4 Ngf6 7. Bd3 e6 8. O-O
Be7 9. Nbd2 c5 10. c3 O-O 11. Qb1 cxd4 12. cxd4 Rac8 13. h3 Bh5 14. Ne5 Bg6 15.
Nxg6 hxg6 16. Nf3 Ne8 17. Rc1 Qb8 18. Rxc8 Qxc8 19. Qe1 Nd6 20. Ba3 Qb8 21. g4
Nc8 22. Bxe7 Nxe7 23. Rc1 Rc8 24. Rc3 Rxc3 25. Qxc3 Qd6 26. b4 Qc6 27. Qxc6
Nxc6 28. Bb5 Ndb8 29. a3 Kf8 30. Kf2 Ke7 31. Ne1 a5 32. bxa5 Nxa5 33. Nd3 Nbc6
34. Nc5 b6 35. Na4 Na7 36. Bd3 b5 37. Nc3 Nc4 38. Nb1 Kd6 39. h4 Nc6 40. Nc3
Nxa3 41. Nxb5+ Nxb5 42. Bxb5 Na7 43. Be8 Ke7 44. Ba4 Nc8 45. Bc2 Nd6 46. Bd3
Kd7 47. Ke2 Kc6 48. Kd2 Kb6 49. Kc3 Ka5 50. Kb3 Kb6 51. Kb4 Kc6 1/2-1/2

[Event "SG Porz 2 - Godesberger SK 1"]
[Site "Oberliga NRW 2010/2011"]
[Date "2011.02.20"]
[Round "7.8"]
[White "Heedt, Thorsten"]
[Black "Andersen, Hans-Christoph"]
[Result "1-0"]
[WhiteElo "2092"]
[BlackElo "2210"]
[PlyCount "65"]
[EventDate "2011.??.??"]

1. c4 f5 2. g3 Nf6 3. Bg2 g6 4. Nc3 Bg7 5. d3 O-O 6. e4 fxe4 7. dxe4 d6 8. Nge2
c5 9. O-O Nc6 10. h3 a6 11. Be3 Rb8 12. f4 Qc7 13. Rc1 Na5 14. b3 Rd8 15. Qe1
b5 16. cxb5 axb5 17. e5 Ne8 18. Nd5 Qa7 19. exd6 exd6 20. g4 Nf6 21. Bd2 b4 22.
Ng3 Ba6 23. Qe6+ Qf7 24. Rfe1 Qxe6 25. Rxe6 Nxd5 26. Bxd5 Kf8 27. f5 gxf5 28.
Nxf5 Bb7 29. Rf1 Bxd5 30. Nh6+ Bf6 31. Rfxf6+ Kg7 32. Rf7+ Kh8 33. Bg5 1-0

[Event "Godesberger SK 1 - SV Mülheim-Nord 2"]
[Site "Oberliga NRW 2010/2011"]
[Date "2011.03.13"]
[Round "8.1"]
[White "Litwak, Aleksej"]
[Black "Dranov, Aleksandr"]
[Result "0-1"]
[WhiteElo "2247"]
[BlackElo "2442"]
[PlyCount "66"]
[EventDate "2011.??.??"]

1. e4 d5 2. exd5 Qxd5 3. Nc3 Qd6 4. d4 Nf6 5. Nf3 c6 6. g3 Bg4 7. Bg2 e6 8. O-O
Nbd7 9. Bf4 Qb4 10. Qd2 Be7 11. a3 Qb6 12. Ne5 Nxe5 13. dxe5 Rd8 14. Qc1 Nd5
15. Ne4 Nxf4 16. Qxf4 Bf5 17. g4 Bxe4 18. Bxe4 O-O 19. g5 Rd4 20. c3 Rd7 21.
Kh1 Qxb2 22. Rae1 Bc5 23. Qf3 Rfd8 24. Re2 Qxa3 25. Rg1 g6 26. Ree1 Rd2 27.
Ref1 Bb6 28. Rg4 Qc5 29. Rf4 R8d7 30. h4 Qxe5 31. h5 Bc7 32. Rh4 Qxg5 33. Rh3
Qf4 0-1

[Event "Godesberger SK 1 - SV Mülheim-Nord 2"]
[Site "Oberliga NRW 2010/2011"]
[Date "2011.03.13"]
[Round "8.2"]
[White "Jackelen, Thomas"]
[Black "Kaufeld, Juergen"]
[Result "1-0"]
[WhiteElo "2378"]
[BlackElo "2244"]
[PlyCount "55"]
[EventDate "2011.??.??"]

1. Nf3 d5 2. c4 c6 3. e3 Nf6 4. Nc3 a6 5. Qc2 e6 6. d4 c5 7. cxd5 exd5 8. Be2
Nc6 9. O-O Be6 10. Rd1 cxd4 11. Nxd4 Nxd4 12. Rxd4 Bc5 13. Rd1 Rc8 14. Qa4+ Ke7
15. Bf3 Qd6 16. Qh4 Kf8 17. e4 d4 18. Bf4 Qe7 19. Ne2 Rd8 20. e5 Nd5 21. Bg5 f6
22. exf6 Nxf6 23. Nxd4 Bxd4 24. Rxd4 Rxd4 25. Qxd4 Kf7 26. Re1 Re8 27. Bh5+ g6
28. Bg4 1-0

[Event "Godesberger SK 1 - SV Mülheim-Nord 2"]
[Site "Oberliga NRW 2010/2011"]
[Date "2011.03.13"]
[Round "8.3"]
[White "Bus, Tomas"]
[Black "Mertens, Heiko"]
[Result "0-1"]
[WhiteElo "2148"]
[BlackElo "2327"]
[PlyCount "96"]
[EventDate "2011.??.??"]

1. c4 Nf6 2. g3 e5 3. Bg2 Be7 4. Nc3 O-O 5. d3 d6 6. e4 c6 7. Nge2 a6 8. O-O b5
9. h3 Nbd7 10. Be3 Rb8 11. b3 Re8 12. Qc2 Bb7 13. Rad1 Bf8 14. g4 g6 15. Ng3
Nc5 16. cxb5 axb5 17. d4 exd4 18. Bxd4 Ne6 19. Be3 Qc7 20. f4 d5 21. e5 d4 22.
Nxb5 cxb5 23. Qxc7 Nxc7 24. Bxd4 Bxg2 25. Kxg2 Nfd5 26. Ne4 Ra8 27. Rd2 Ne6 28.
Kg3 Red8 29. Bg1 Nc3 30. Nf6+ Kg7 31. Rxd8 Rxd8 32. f5 Rd3+ 33. Kg2 Rd2+ 34.
Kf3 Rd3+ 35. Kg2 Ng5 36. h4 Nge4 37. Nxe4 Nxe4 38. Rf4 Nc3 39. a4 Ne2 40. Re4
Nxg1 41. Kxg1 Rxb3 42. f6+ Kg8 43. axb5 Rxb5 44. Kg2 Rb4 45. Kf3 Rxe4 46. Kxe4
Bb4 47. Kd5 Bc3 48. h5 Kf8 0-1

[Event "Godesberger SK 1 - SV Mülheim-Nord 2"]
[Site "Oberliga NRW 2010/2011"]
[Date "2011.03.13"]
[Round "8.4"]
[White "Schmidt, Bodo"]
[Black "Wittenberg, Andreas"]
[Result "1-0"]
[WhiteElo "2333"]
[BlackElo "2183"]
[PlyCount "57"]
[EventDate "2011.??.??"]

1. d4 e6 2. Nf3 d5 3. g3 c6 4. Bg2 f5 5. O-O Nf6 6. b3 Nbd7 7. c4 Bd6 8. Ba3
Bxa3 9. Nxa3 Qe7 10. Nc2 O-O 11. Nce1 dxc4 12. bxc4 e5 13. e3 exd4 14. exd4 Nb6
15. c5 Nbd5 16. Nd3 f4 17. Re1 Qc7 18. Nfe5 Bf5 19. Qb3 fxg3 20. hxg3 Rad8 21.
Rab1 Bc8 22. Nc4 Kh8 23. Nd6 Rxd6 24. cxd6 Qxd6 25. Ne5 b6 26. Rbc1 Bb7 27. Qc4
g6 28. Nxc6 Rc8 29. Ne5 1-0

[Event "Godesberger SK 1 - SV Mülheim-Nord 2"]
[Site "Oberliga NRW 2010/2011"]
[Date "2011.03.13"]
[Round "8.6"]
[White "Armbruster, Alexander"]
[Black "Winkels, Marcel"]
[Result "1-0"]
[WhiteElo "2238"]
[BlackElo "2029"]
[Annotator "Hausrath,Daniel"]
[PlyCount "81"]
[EventDate "2011.??.??"]

1. Nf3 Nf6 2. c4 g6 3. d4 c5 4. d5 b5 5. cxb5 a6 6. b6 d6 7. Nc3 Nbd7 8. a4
Qxb6 9. a5 Qd8 10. e4 Bg7 11. Be2 O-O 12. O-O Rb8 13. Nd2 Ne8 14. Nc4 Nc7 15.
Bg5 Qe8 16. Na4 Nb5 17. Rb1 h6 18. Be3 Kh7 19. Re1 Bb7 20. Bg4 Qd8 21. Nab6
Nxb6 22. Nxb6 Qc7 23. Qd3 Rbd8 24. Rec1 e5 25. b4 Nd4 26. bxc5 dxc5 27. Qa3 f5
28. Bxd4 exd4 29. exf5 gxf5 30. Bf3 Be5 31. g3 Bd6 $11 32. Nc4 Ba8 33. Nxd6
Rxd6 34. Rxc5 Qd8 35. Qb3 Qf6 36. Qd3 Rfd8 37. Rb6 Rxb6 38. axb6 Qxb6 39. Qxf5+
Kg8 40. Qg4+ Kh7 41. Qxd4 1-0

[Event "Godesberger SK 1 - SV Mülheim-Nord 2"]
[Site "Oberliga NRW 2010/2011"]
[Date "2011.03.13"]
[Round "8.7"]
[White "Mainusch, Martin"]
[Black "Luetke, Jens"]
[Result "0-1"]
[WhiteElo "2044"]
[BlackElo "2281"]
[Annotator "Hausrath,Daniel"]
[PlyCount "90"]
[EventDate "2011.??.??"]

1. Nf3 d6 2. g3 e5 3. Bg2 f5 4. d4 e4 5. Ng5 Nf6 6. c4 Be7 7. Nc3 c6 8. d5 O-O
9. h4 Na6 10. O-O Ng4 11. Nh3 c5 12. f3 exf3 13. exf3 Ne5 14. b3 Nc7 15. Bg5
Rb8 16. a4 a5 17. Qd2 Bd7 18. Rae1 Bf6 19. f4 Nf7 20. Bxf6 Qxf6 21. Nd1 b6 22.
Qc3 Qxc3 23. Nxc3 Rbe8 24. Nf2 $11 Na6 25. Nd3 Nd8 26. Kf2 Nb4 27. Nxb4 cxb4
28. Nb1 Nb7 29. Rxe8 Bxe8 30. Re1 Nc5 31. Re3 Bh5 32. Bf3 Bxf3 33. Kxf3 Ne4 34.
Re2 Re8 35. Nd2 Nxd2+ 36. Rxd2 Re1 37. Re2 Rb1 38. Re6 Rxb3+ 39. Kg2 Rc3 40.
Rxd6 b5 41. Ra6 bxc4 42. Rxa5 b3 43. Rb5 Rc2+ 44. Kf3 b2 45. a5 Rc3+ 0-1

[Event "Godesberger SK 1 - SV Mülheim-Nord 2"]
[Site "Oberliga NRW 2010/2011"]
[Date "2011.03.13"]
[Round "8.8"]
[White "Andersen, Hans-Christoph"]
[Black "Kuipers, Dustin"]
[Result "1/2-1/2"]
[WhiteElo "2210"]
[BlackElo "1996"]
[PlyCount "44"]
[EventDate "2011.??.??"]

1. d4 d5 2. c4 c6 3. Nf3 Nf6 4. e3 g6 5. Nc3 Bg7 6. Bd3 O-O 7. O-O Nbd7 8. cxd5
cxd5 9. b3 Nb8 10. Bb2 Bg4 11. h3 Bxf3 12. Qxf3 Nc6 13. Qe2 Nb4 14. Bb1 Qd7 15.
Na4 Rfc8 16. Nc5 Qc7 17. Rc1 Nc6 18. Bd3 Nd7 19. f4 Nxc5 20. Rxc5 e6 21. Rac1
Bf8 22. R5c3 Bb4 1/2-1/2